00984cam a2200265 a 4500001000500000005001700005020001800022020001800040040002300058050002400081082001200105100002700117245008500144250004500229260003400274300005100308505000700359520020000366521001700566521001700583650002300600650003000623650003000653700003500683228220231115102810.0 a9781423111481 a9780545514446 aDLCcDLCdDLCbeng00aPZ7.K56475bGl 200800a4802231 aKimmel, Elizabeth Cody10aGlamsters /cwritten by Elizabeth Cody Kimmel ; illustrated by Jackie Urbanovic. aFirst Scholastic printing, November 2012 aNew York :bScholastic,c2008 a26 unnumbered pages :bIllustrationsc21x25 cm aP  aHarriet the hamster is desperate to be adopted, so she gives her sister Patricia and herself glamorous makeovers in hopes they will get more attention when Hamster World has its huge annual sale.1 a680 bLexile1 aP bRaz-Plus 1aHamstersvFiction. 1aSelf-perceptionvFiction. 1aSelf-confidencevFiction.1 aUrbanovic, Jackieeillustrator